[Event "Kaliningrad Amateur U20"]
[Site "Kaliningrad"]
[Date "2019.06.14"]
[Round "2.7"]
[White "Yakushkin, Stanislav"]
[Black "Avanyan, Mari"]
[Result "0-1"]
[WhiteElo "1350"]
[BlackElo "1296"]
[PlyCount "80"]
[EventDate "2019.06.13"]
[EventType "swiss"]
[EventRounds "9"]
[EventCountry "RUS"]
[SourceTitle "EXT 2022"]
[Source "ChessBase"]
[SourceDate "2021.10.06"]
[SourceVersion "1"]
[SourceVersionDate "2021.10.06"]
[SourceQuality "1"]

1. d4 d5 2. c4 e6 3. Nf3 Nf6 4. Nc3 Be7 5. Bf4 a6 6. e3 0-0 7. Qb3 dxc4 8. Bxc4 Nc6 9. 0-0 Bd7 10. Rfd1 Na5 11. Qc2 Nxc4 12. Ng5 h6 13. Nf3 Bd6 14. Bxd6 Nxd6 15. e4 Nb5 16. Nxb5 Bxb5 17. a4 Bc6 18. Re1 Qd7 19. Qc4 Bxe4 20. Qc3 Bxf3 21. Qxf3 Qd5 22. Qc3 c6 23. Qb4 Qd7 24. Rad1 Rad8 25. Rd2 Nd5 26. Qb3 Qc7 27. Re4 Rd7 28. Qh3 Nf6 29. Rh4 Qa5 30. Re2 Qf5 31. Qe3 Qg5 32. Qxg5 hxg5 33. Rh3 Rxd4 34. g3 Rfd8 35. Re5 R4d5 36. Re3 Rd1+ 37. Kg2 g4 38. Rh4 g5 39. Rh6 Kg7 40. Rh3 gxh3+ 0-1